| 000 | 01049nam a2200217Ia 4500 | ||
|---|---|---|---|
| 003 | Ost | ||
| 005 | 20260507075640.0 | ||
| 008 | 260507s9999||||xx |||||||||||||| ||und|| | ||
| 040 | _cfsecg | ||
| 041 | _aara | ||
| 082 | _a368 | ||
| 100 |
_aإبراهيم، علي عبدربه _eمؤلف |
||
| 245 | 0 |
_aالـتأمين ورياضاته : _bمع التطبيق على تأمينات الحياة وإعادة الـتأمين / _c علي عبدربه إبراهيم |
|
| 260 |
_aالإسكندرية: _bالدار الجامعية, _c2002-2003 |
||
| 300 |
_a446 صفحة؛ _bإيضاحات ؛ _c24 سم |
||
| 504 | _aالمراجع ص. 435 | ||
| 520 | _aالتأمين ،التأمين على الحياة وريضياته ،الأقساط الوحيدة الصافية ،الأقساط السنوية الصافية ،القسط التجاري ،اعادة التأمين ،الإسراف والرقابة على نظام التأمين التجاري | ||
| 653 | _aإعادة التأمين | ||
| 653 | _aالتأمين | ||
| 942 | _cكتاب | ||
| 999 |
_c45390 _d45390 |
||